Szilágyi Erzsébet levelét megírta...

Elmentve itt :
Bibliográfiai részletek
Szerző: Brugós Anikó
Dokumentumtípus: Könyv része
Megjelent: SZTE JGYPK Művészeti Intézet Ének-zene Tanszék Szeged 2019
Sorozat:A Juhász Gyula Pedagógusképző Kar Ének-Zene Tanszékének kiadványai
Zenepedagógia határok nélkül : tanulmánykötet
Nemzetközi Zenei Konferencia
Kulcsszavak:Szilágyi Erzsébet, Magyarország története - 15. sz., Zenetörténet - magyar
Tárgyszavak:
Online Access:http://acta.bibl.u-szeged.hu/76650
LEADER 01081naa a2200241 i 4500
001 acta76650
005 20260313084537.0
008 221014s2019 hu o 100 hun d
020 |a 978 963 315 392 5 
040 |a SZTE Egyetemi Kiadványok Repozitórium  |b hun 
041 |a hun 
100 1 |a Brugós Anikó 
245 1 0 |a Szilágyi Erzsébet levelét megírta...  |h [elektronikus dokumentum] /  |c  Brugós Anikó 
260 |a SZTE JGYPK Művészeti Intézet Ének-zene Tanszék  |b Szeged  |c 2019 
300 |a 49-58 
490 0 |a A Juhász Gyula Pedagógusképző Kar Ének-Zene Tanszékének kiadványai 
490 0 |a Zenepedagógia határok nélkül : tanulmánykötet 
490 0 |a Nemzetközi Zenei Konferencia 
650 4 |a Bölcsészettudományok 
650 4 |a Történettudomány és régészet 
650 4 |a Művészetek (művészetek, művészettörténet, előadóművészetek, zene) 
695 |a Szilágyi Erzsébet, Magyarország története - 15. sz., Zenetörténet - magyar 
856 4 0 |u http://acta.bibl.u-szeged.hu/76650/1/enek_zene_tanszek_2019_049-058.pdf  |z Dokumentum-elérés